Т. 1; Системы защиты среды обитания

Bibliographic Details
Parent link:Системы защиты среды обитания: учебное пособие/ Д. А. Кривошеин, В. П. Дмитренко, Н. В. Федотова. Т. 1.— , 2014.— 978-5-4468-0295-1
Summary:Учебное пособие создано в соответствии с требованиями Федерального государственного образовательного стандарта по направлению «Техносферная безопасность» (квалификация «бакалавр»). Изложены основы курса «Системы защиты среды обитания». Обобщены и систематизированы современные теоретические и практические данные, касающиеся методов, приемов и средств защиты среды обитания от техногенного воздействия. В томе 1 рассмотрены экозащитные процессы и технологии, дана общая характеристика технологических процессов и проанализированны их экологические особенности. Большое внимание уделено очистке выбросов промышленных предприятий от аэрозолей, а также от загрязняющих газов и паров. Описаны конструкции аппаратов и устройств для пылегазовой очистки, представлены методы расчетов, даны рекомендации по использованию аппаратов и устройств на практике. Для студентов учреждений высшего профессионального образования.
Language:Russian
Published: 2014
Subjects:
Format: Book
KOHA link:https://koha.lib.tpu.ru/cgi-bin/koha/opac-detail.pl?biblionumber=248665

MARC

LEADER 00000nam2a2200000 4500
001 248665
005 20231101232417.0
010 |a 9785446802920 
035 |a (RuTPU)RU\TPU\book\270530 
090 |a 248665 
100 |a 20140124d2014 m y0rusy50 ca 
101 0 |a rus 
102 |a RU 
105 |a a j 001zy 
200 0 |a Т. 1 
210 |d 2014 
215 |a 350 с.  |c ил. 
320 |a Библиогр.: с. 346-347. 
330 |a Учебное пособие создано в соответствии с требованиями Федерального государственного образовательного стандарта по направлению «Техносферная безопасность» (квалификация «бакалавр»). Изложены основы курса «Системы защиты среды обитания». Обобщены и систематизированы современные теоретические и практические данные, касающиеся методов, приемов и средств защиты среды обитания от техногенного воздействия. В томе 1 рассмотрены экозащитные процессы и технологии, дана общая характеристика технологических процессов и проанализированны их экологические особенности. Большое внимание уделено очистке выбросов промышленных предприятий от аэрозолей, а также от загрязняющих газов и паров. Описаны конструкции аппаратов и устройств для пылегазовой очистки, представлены методы расчетов, даны рекомендации по использованию аппаратов и устройств на практике. Для студентов учреждений высшего профессионального образования. 
461 1 |0 (RuTPU)RU\TPU\book\278494  |y 978-5-4468-0295-1  |t Системы защиты среды обитания  |o учебное пособие  |o в 2 т.  |f Д. А. Кривошеин, В. П. Дмитренко, Н. В. Федотова  |v Т. 1  |d 2014  |s Бакалавриат 
606 1 |a Окружающая среда  |x Методы защиты  |2 stltpush  |3 (RuTPU)RU\TPU\subj\38917  |9 59162 
610 1 |a среда обитания 
610 1 |a экозащитные процессы 
610 1 |a технологические процессы 
610 1 |a воздушная среда 
610 1 |a антропогенные загрязнения 
610 1 |a промышленные выбросы 
610 1 |a очистка 
610 1 |a атмосферные выбросы 
610 1 |a энергетические загрязнения 
610 1 |a шум 
610 1 |a ультразвук 
610 1 |a инфразвук 
610 1 |a вибрация 
610 1 |a электромагнитные поля 
610 1 |a лазерное излучение 
610 1 |a ионизирующие излучения 
610 1 |a учебные пособия 
675 |a 502.36(075.8)  |v 3 
801 1 |a RU  |b 63413507  |c 20140124 
801 2 |a RU  |b 63413507  |c 20150630  |g RCR 
942 |c BK 
959 |a 11/20140123  |d 2  |e 537,00  |f ЧЗТЛ:1  |f АНЛ:1